000 00682nam a22002297a 4500
003 BUBTL
008 240322b ||||| |||| 00| 0 eng d
020 _a9781847037305
041 _aEnglish
082 _213th ed.
_a348.04/ M6921c/ 2010
100 _95775
_aMitchell, Charles
245 _aHayton & Mitchell: Commentary and Cases on the Law of Trusts and Equitable Remedies/
_bCharles Mitchell
250 _a13th ed.
260 _aLondon
_bSweet & Maxwell
_cc2010
300 _a[lxxxiv], 792 p. :
_bill. ; 23 cm.
500 _aIncludes Index.
526 _aLaw
650 0 _92102
_aLaw
856 _k0
_l0
_yDownload
942 _2ddc
_cBK
999 _c7282
_d7282